Sharks by picture - Statistics

General Stats
  • This quiz has been taken 170 times
  • The average score is 10 of 12
Answer Stats
Picture Answer % Correct
Great white shark
100%
Hammerhead shark
98%
Tiger shark
95%
Whale shark
90%
Bull shark
86%
Basking shark
83%
Greenland shark
80%
Mako shark
80%
Thresher shark
77%
Leopard shark
72%
Black tip shark
67%
Lemon shark
55%
No matching quizzes found
Score Distribution
Percent of People with Each Score
Percentile by Number Answered
Your Score History
You have not taken this quiz